[Event "Ch DDR"]
[Site "masterchessopen.com - DDR"]
[Round "0"]
[White "Schoene Ralf (GER)"]
[Black "Goldberg Alexander (GER)"]
[Result "0-1"]
[WhiteElo "2205"]
[BlackElo "2290"]

1.d4 Nf6 2.c4 c5 3.d5 e6 4.Nc3 exd5 5.cxd5 d6 6.g3 g6 7.Bg2 Bg7 8.Nf3 O-O
9.O-O Re8 10.Nd2 Nbd7 11.a4 a6 12.Nc4 Nb6 13.Ne3 Bd7 14.h3 Rb8 15.a5 Nc8
16.Nc4 Bb5 17.Qb3 Na7 18.Bf4 Nh5 19.Bd2 Bxc3 20.Bxc3 Rxe2 21.Bf3 Re8 22.Bxh5
gxh5 23.Rfe1 Bxc4 24.Rxe8+ Qxe8 25.Qxc4 Nb5 26.Re1 Qd8 27.Qf4 Nxc3 28.bxc3 Kg7
29.Qf5 Qf6 30.Qd7 Qxc3 31.Re7 Qf6 32.Qc7 b5 33.axb6 Rxb6 34.Re4 Rb1+ 35.Kg2
Qf5 {#R} 0-1

[Event "Bundesliga"]
[Site "masterchessopen.com - Germany"]
[Round "0"]
[White "Kunsztowicz Uwe (GER)"]
[Black "Lau Ralf (GER)"]
[Result "0-1"]
[WhiteElo "2234"]
[BlackElo "2395"]

1.d4 Nf6 2.c4 e6 3.g3 c5 4.d5 exd5 5.cxd5 d6 6.Nc3 g6 7.Bg2 Bg7 8.Nf3 O-O
9.O-O a6 10.a4 Nbd7 11.Nd2 Re8 12.Nc4 Nb6 13.Na3 Bd7 14.Qb3 Nxa4 15.Nxa4 b5
16.Nc3 b4 17.Nc4 bxc3 18.Nxd6 Rb8 19.Qa3 cxb2 20.Bxb2 Rxe2 21.Rab1 Rexb2
22.Rxb2 Rxb2 23.Qxb2 Ne8 24.Nb7 Bxb2 25.Nxd8 c4 26.Nc6 c3 27.Nd4 a5 28.Re1 Kf8
29.Bf1 a4 30.Bd3 Nd6 31.Kf1 a3 32.Bb1 Nb5 33.Nc6 a2 34.Bxa2 c2 35.Ne5 Bxe5
36.Bb3 Bh3+ 37.Ke2 Nd4+ 38.Kd2 {#R} 0-1

[Event "It (open)"]
[Site "masterchessopen.com - Hamar (Norway)"]
[Round "4"]
[White "Beutel Hubert (GER)"]
[Black "Hakki Imad (SYR)"]
[Result "0-1"]
[WhiteElo "2123"]
[BlackElo "2362"]

1.d4 Nf6 2.c4 e6 3.Nf3 c5 4.d5 exd5 5.cxd5 d6 6.Nc3 g6 7.g3 Bg7 8.Bg2 O-O
9.O-O a6 10.a4 Nbd7 11.Nd2 Re8 12.h3 Rb8 13.Nc4 Ne5 14.Na3 Nh5 15.Kh2 f5 16.f4
Nf7 17.Nc4 b5 18.axb5 axb5 19.Na5 Qc7 20.Nc6 b4 21.Ra7 Rb7 22.Rxb7 Bxb7 23.Nb1
Nf6 24.Bf3 Kh8 25.Qd3 Nxd5 26.Bxd5 Bxc6 27.Bxc6 Qxc6 28.Nd2 d5 29.Nf3 Qe6
30.Re1 h6 31.Kg2 Kh7 32.Qb5 Rc8 33.h4 Qc6 34.Qd3 Qe6 35.h5 gxh5 36.Rh1 Re8
37.Kf2 c4 38.Qd1 d4 39.Rxh5 Qe4 40.Rh1 Kh8 {#R} 0-1

[Event "It (open)"]
[Site "masterchessopen.com - Hamar (Norway)"]
[Round "7"]
[White "Levitt Jonathan (ENG)"]
[Black "Bjerke Richard (NOR)"]
[Result "0-1"]
[WhiteElo "2420"]
[BlackElo "2135"]

1.d4 Nf6 2.c4 e6 3.Nf3 c5 4.d5 exd5 5.cxd5 d6 6.Nc3 g6 7.g3 Bg7 8.Bg2 O-O
9.O-O a6 10.a4 Re8 11.Nd2 Nbd7 12.h3 Rb8 13.Nc4 Nb6 14.Na3 Bd7 15.e4 Nc8
16.Qd3 Qc7 17.Kh2 Na7 18.Nc4 Nh5 19.g4 b5 20.gxh5 bxc4 21.Qxc4 a5 22.Qd3 Rb4
23.Qg3 Nc8 24.h4 Re5 25.hxg6 hxg6 26.Rg1 Rh5 27.Bf3 Rh7 28.Ra2 Ne7 29.Bf4 Nf5
30.exf5 Rxf4 31.Qxf4 Be5 32.Qxe5 dxe5 33.Be4 Qd8 34.Kg2 Qxh4 35.Kf1 Qh3+
36.Ke2 Bxf5 37.Raa1 Bxe4 38.Nxe4 Qf5 39.Nd2 Rh2 40.Raf1 e4 41.d6 Qd5 42.Rg3
Qxd6 43.b3 {#R} 0-1

[Event "Ch Slovakia"]
[Site "masterchessopen.com - Nova Bana (Slovakia)"]
[Round "10"]
[White "Husek Zdenek (SVK)"]
[Black "Petrik Karol (SVK)"]
[Result "0-1"]
[WhiteElo "2033"]
[BlackElo "2082"]

1.d4 Nf6 2.c4 c5 3.d5 e6 4.Nc3 exd5 5.cxd5 d6 6.g3 g6 7.Bg2 Bg7 8.Nf3 O-O
9.O-O a6 10.a4 Re8 11.Nd2 Nbd7 12.h3 Rb8 13.Nc4 Ne5 14.Na3 Nh5 15.e4 Rf8
16.Be3 f5 17.exf5 Bxf5 18.g4 Bxg4 19.hxg4 Qh4 20.Re1 Nxg4 21.Ne4 Rbe8 22.Re2
Rxe4 23.Bxe4 Qh2+ {#R} 0-1

[Event "?"]
[Site "masterchessopen.com - Romania"]
[Round "0"]
[White "Suba Mihai (ROM)"]
[Black "Foisor Ovidiu Doru (ROM)"]
[Result "1-0"]
[WhiteElo "2555"]
[BlackElo "2460"]

1.d4 Nf6 2.c4 e6 3.g3 c5 4.d5 exd5 5.cxd5 d6 6.Nc3 g6 7.Bg2 Bg7 8.Nf3 O-O
9.O-O Re8 10.Nd2 a6 11.a4 Nbd7 12.Ra2 Rb8 13.a5 b5 14.axb6 Nxb6 15.b3 Nh5
16.Bb2 Na8 17.Nc4 Nc7 18.Na5 Bd7 19.Qd2 Nf6 20.Rd1 Qe7 21.e4 Nb5 22.Nxb5 axb5
23.Re1 Nh5 24.f4 Bxb2 25.Qxb2 f6 26.b4 Rbc8 27.Raa1 g5 28.Bf3 g4 29.Bg2 Ng7
30.bxc5 Rxc5 31.Qb4 Rc7 32.e5 fxe5 33.fxe5 dxe5 34.Qxe7 {#r} 1-0

[Event "It \"]
[Site "masterchessopen.com - Pasadena (USA)"]
[Round "5"]
[White "Denker Arnold S (USA)"]
[Black "Marcal Jose M (USA)"]
[Result "1-0"]
[WhiteElo "2293"]
[BlackElo "2220"]

1.d4 Nf6 2.Nf3 c5 3.d5 e6 4.c4 exd5 5.cxd5 d6 6.Nc3 g6 7.g3 Bg7 8.Bg2 O-O
9.O-O Re8 10.Nd2 a6 11.a4 Nbd7 12.h3 Rb8 13.a5 b5 14.axb6 Nxb6 15.e4 Bd7
16.Rxa6 Qc8 17.Rxb6 Rxb6 18.Nc4 Ra6 19.Bf4 Bxh3 20.Nxd6 Rxd6 21.Bxd6 Bxg2
22.Kxg2 Nxe4 23.Nxe4 Rxe4 24.Qc2 Rd4 25.Qxc5 Qxc5 26.Bxc5 Rxd5 27.b4 Bf8
28.Bxf8 Kxf8 29.Rb1 Ke7 30.Kf3 Kd6 31.Ke4 f5+ 32.Kf4 h6 33.b5 Kc7 34.Rc1+ Kb7
35.Rc6 g5+ 36.Ke3 Rxb5 37.Rxh6 Rb3+ 38.Ke2 Rb2+ 39.Kf1 g4 40.Rf6 Rb5 41.Ke2
Kc7 42.Ke3 Rb3+ 43.Kf4 Rf3+ 44.Kg5 Rxf2 45.Rxf5 Ra2 46.Kxg4 {#r} 1-0

[Event "Bundesliga 1983/84"]
[Site "masterchessopen.com - Germany"]
[Round "0"]
[White "Fleck Juergen (GER)"]
[Black "Ueter Heinz-Dieter (GER)"]
[Result "1-0"]
[WhiteElo "2401"]
[BlackElo "2187"]

1.d4 Nf6 2.c4 c5 3.d5 e6 4.Nc3 exd5 5.cxd5 d6 6.g3 g6 7.Bg2 Bg7 8.Nf3 O-O
9.O-O Re8 10.Nd2 a6 11.a4 Nbd7 12.h3 Rb8 13.Nc4 Nb6 14.Na3 Bd7 15.e4 Qc7
16.Be3 Nc8 17.Qd3 c4 18.Qxc4 Qxc4 19.Nxc4 b5 20.axb5 axb5 21.Nd2 b4 22.Ne2 Bb5
23.Rfe1 Bd3 24.Nd4 Ne7 25.Ra7 Nc8 26.Ra5 Ne7 27.Rc1 Rec8 28.Rxc8+ Rxc8 29.Ra7
Kf8 30.Rb7 Rc1+ 31.Kh2 Ne8 32.Rxb4 f5 33.Ne6+ Kf7 34.Rb8 Bf6 35.exf5 Nxf5
36.Ng5+ Ke7 37.Bf4 h6 38.Ne6 Be5 39.Rb7+ {#r} 1-0

[Event "It (open) \"]
[Site "masterchessopen.com - London (England)"]
[Round "0"]
[White "Saeed Saeed-Ahmed (UAE)"]
[Black "Norwood David (ENG)"]
[Result "0-1"]
[WhiteElo "2435"]
[BlackElo "2482"]

1.d4 Nf6 2.c4 e6 3.Nf3 c5 4.d5 exd5 5.cxd5 d6 6.Nc3 g6 7.g3 Bg7 8.Bg2 O-O
9.O-O a6 10.a4 Nbd7 11.Nd2 Re8 12.h3 Rb8 13.Nc4 Ne5 14.Na3 Bd7 15.f4 Nh5
16.fxe5 Bxe5 17.g4 Ng3 18.Nc4 Bxc3 19.bxc3 Bxg4 20.Qd3 Nxe2+ 21.Kh2 Nxc1
22.Qc2 Be2 23.Rf4 Nd3 24.Re4 Rxe4 25.Bxe4 Nf4 {#R} 0-1

[Event "It (open)"]
[Site "masterchessopen.com - Reykjavik (Iceland)"]
[Round "0"]
[White "Burger Karl (USA)"]
[Black "Bergmann Throstur (ISL)"]
[Result "1-0"]
[WhiteElo "2305"]
[BlackElo "2250"]

1.d4 Nf6 2.c4 e6 3.g3 c5 4.d5 exd5 5.cxd5 d6 6.Bg2 g6 7.Nc3 Bg7 8.Nf3 O-O
9.O-O Re8 10.Nd2 a6 11.a4 Nbd7 12.h3 Rb8 13.Nc4 Ne5 14.Na3 Nh5 15.e4 Rf8
16.Kh2 f5 17.f4 b5 18.axb5 axb5 19.Naxb5 fxe4 20.Bxe4 Bd7 21.Qe2 Qb6 22.Na3
Rbe8 23.Qg2 g5 24.fxe5 Rxf1 25.Nc4 Qb3 26.Qxf1 Rf8 27.Qe2 Bb5 28.Qxh5 Rf2+
29.Kg1 {#r} 1-0

[Event "It \"]
[Site "masterchessopen.com - Ramsgate (England)"]
[Round "2"]
[White "Grimberg Gilbert (FRA)"]
[Black "Pliester Leon (NED)"]
[Result "1-0"]
[WhiteElo "2302"]
[BlackElo "2392"]

1.d4 Nf6 2.c4 c5 3.d5 e6 4.Nc3 exd5 5.cxd5 d6 6.Nf3 g6 7.g3 Bg7 8.Bg2 O-O
9.O-O Re8 10.Nd2 Nbd7 11.a4 a6 12.Ra2 Rb8 13.a5 b5 14.axb6 Nxb6 15.b3 Qc7
16.Bb2 c4 17.Ba1 Bb7 18.bxc4 Nxc4 19.Nde4 Nd7 20.Na4 Nde5 21.Rc2 Qd8 22.Rxc4
Nxc4 23.Bxg7 Kxg7 24.Qd4+ Ne5 25.f4 f5 26.Nec3 Qf6 27.fxe5 Qxe5 28.Qxe5+ Rxe5
29.Rb1 Re7 30.Rb6 Rd8 31.Kf2 Bc8 32.Na2 Rc7 33.Nb4 Rc1 34.Nc6 Re8 35.Rb8 Rc2
36.Bf3 g5 37.Rb2 Rc1 38.Nb6 {#r} 1-0

[Event "It (cat.9)"]
[Site "masterchessopen.com - Baden-Baden (Germany)"]
[Round "0"]
[White "Timoscenko Gennadij (SVK)"]
[Black "Kindermann Stefan (AUT)"]
[Result "0-1"]
[WhiteElo "2475"]
[BlackElo "2519"]

1.d4 Nf6 2.c4 e6 3.g3 c5 4.d5 exd5 5.cxd5 d6 6.Nc3 g6 7.Bg2 Bg7 8.Nf3 O-O
9.O-O a6 10.a4 Nbd7 11.Nd2 Re8 12.h3 Nh5 13.Kh2 f5 14.Nc4 Ne5 15.Nxe5 Bxe5
16.e3 Rb8 17.Qd3 Bd7 18.a5 Qh4 19.Kg1 Nxg3 20.fxg3 Qxg3 21.Rf3 Qh2+ 22.Kf2 f4
23.exf4 Bd4+ 24.Be3 Rxe3 25.Rxe3 Re8 26.Qxd4 cxd4 27.Rxe8+ Bxe8 28.Ne2 d3
29.Ng3 Bd7 30.Rh1 d2 31.Rxh2 d1=Q 32.Ne4 Qd4+ 33.Kg3 h5 34.Bf3 Bf5 35.Re2 Qg1+
36.Bg2 h4+ {#R} 0-1

[Event "It (cat.8)"]
[Site "masterchessopen.com - Habana (Cuba)"]
[Round "12"]
[White "Fedorowicz John P (USA)"]
[Black "Andres Miguel (CUB)"]
[Result "1-0"]
[WhiteElo "2515"]
[BlackElo "2385"]

1.d4 Nf6 2.c4 c5 3.d5 g6 4.Nc3 Bg7 5.Nf3 O-O 6.g3 d6 7.Bg2 e6 8.O-O exd5
9.cxd5 a6 10.a4 Re8 11.Nd2 Nbd7 12.Nc4 Nb6 13.Na3 Bd7 14.Qc2 Rb8 15.Rb1 Nc8
16.Bd2 b5 17.axb5 axb5 18.b4 Qc7 19.h3 Qa7 20.Bc1 cxb4 21.Rxb4 Qc5 22.Qb3 Nb6
23.Naxb5 Nbxd5 24.Nxd5 Rxb5 25.Rxb5 Bxb5 26.Nxf6+ Bxf6 27.Bd5 Rxe2 28.Ba3 Qb6
29.Bxf7+ Kg7 30.Bc4 Re5 31.Bb2 Qa6 32.Bxe5 Bxc4 33.Bxf6+ Kf7 {#r} 1-0

[Event "It (open)"]
[Site "masterchessopen.com - Lugano (Switzerland)"]
[Round "0"]
[White "Ilic Zoran (SRB)"]
[Black "De Boer Gert-Jan (NED)"]
[Result "1-0"]
[WhiteElo "2349"]
[BlackElo "2400"]

1.d4 Nf6 2.c4 e6 3.Nf3 c5 4.d5 exd5 5.cxd5 d6 6.g3 g6 7.Bg2 Bg7 8.Nc3 O-O
9.O-O a6 10.a4 Nbd7 11.Nd2 Re8 12.Nc4 Nb6 13.Na3 Bd7 14.Qc2 Nc8 15.Rb1 Rb8
16.b4 cxb4 17.Rxb4 Qc7 18.Bd2 Ng4 19.h3 Nh6 20.Rc1 b6 21.Qd3 Qa7 22.Nc2 Ne7
23.Nd4 Rec8 24.Bf4 Be8 25.Bxd6 Rb7 26.Bf4 {#r} 1-0

[Event "Cup Atlantic (team)"]
[Site "masterchessopen.com - Pohja (Finland)"]
[Round "0"]
[White "Kekki Petri (FIN)"]
[Black "Kuczynski Robert (POL)"]
[Result "0-1"]
[WhiteElo "2335"]
[BlackElo "2498"]

1.d4 Nf6 2.c4 e6 3.Nc3 c5 4.d5 exd5 5.cxd5 d6 6.Nf3 g6 7.g3 Bg7 8.Bg2 O-O
9.O-O a6 10.a4 Nbd7 11.Nd2 Re8 12.Ra2 Rb8 13.a5 b5 14.axb6 Nxb6 15.b3 Ng4
16.Bb2 Qe7 17.e4 Ne5 18.Qc2 c4 19.bxc4 Nbxc4 20.Nxc4 Nxc4 21.Ba1 a5 22.Ne2 Ba6
23.Bxg7 Kxg7 24.Nd4 Qf6 25.Nc6 Rb2 26.Rxb2 Qxb2 27.Qxb2+ Nxb2 28.Rb1 Nc4
29.Ra1 Nd2 30.Rxa5 Be2 31.Nd4 Bd3 32.f3 Nc4 33.Ra1 Rb8 34.Bf1 Bxf1 35.Kxf1 Rb2
36.Ne2 f5 37.Ra4 Nd2+ 38.Kf2 fxe4 39.fxe4 Kf6 40.Ke3 Nf1+ 41.Kd3 Rd2+ {#R} 0-1

[Event "It (cat.11)"]
[Site "masterchessopen.com - Sarajevo (Bosnia & Herzegovina)"]
[Round "0"]
[White "Lalic Bogdan (ENG)"]
[Black "Sax Gyula (HUN)"]
[Result "1-0"]
[WhiteElo "2440"]
[BlackElo "2535"]

1.d4 Nf6 2.c4 c5 3.d5 e6 4.Nc3 exd5 5.cxd5 d6 6.g3 g6 7.Bg2 Bg7 8.Nf3 O-O
9.O-O Re8 10.Nd2 a6 11.a4 Nbd7 12.Nc4 Nb6 13.Na3 Bd7 14.Bd2 Nxa4 15.Nxa4 b5
16.Nc3 b4 17.Nc4 bxc3 18.Bxc3 Bb5 19.b3 Ng4 20.Bxg7 Kxg7 21.e4 Ne5 22.Nxe5
Rxe5 23.Re1 Qf6 24.f4 Ree8 25.Qd2 Rac8 26.Rac1 Rb8 27.Rcd1 Rb7 28.Re3 Bd7
29.Bf1 Bg4 30.Be2 Bxe2 31.Qxe2 Rb4 32.e5 Qf5 33.exd6 Rbe4 34.Rxe4 Rxe4 35.Qf3
Rd4 36.Rxd4 cxd4 37.d7 Qxd7 38.Qe4 Qa7 39.d6 d3+ 40.Kf1 d2 41.Ke2 Qg1 42.Kxd2
Qxh2+ 43.Kc3 Qxg3+ 44.Kc4 Qh4 45.d7 {#r} 1-0

[Event "Ch Uruguay"]
[Site "masterchessopen.com - Uruguay"]
[Round "0"]
[White "Belistri Ubaldo (URU)"]
[Black "Lamas Pedro (URU)"]
[Result "1-0"]
[WhiteElo "2051"]
[BlackElo "2170"]

1.d4 Nf6 2.Nf3 g6 3.g3 Bg7 4.Bg2 c5 5.d5 d6 6.O-O O-O 7.c4 e6 8.Nc3 exd5
9.cxd5 Re8 10.Nd2 a6 11.a4 Nbd7 12.Nc4 Nb6 13.Nxb6 Qxb6 14.a5 Qc7 15.e4 Bd7
16.h3 b5 17.axb6 Qxb6 18.Re1 Bb5 19.f4 Nd7 20.Kh2 Bd4 21.Ne2 Bf2 22.Rf1 c4
23.Ra3 f5 24.Rxf2 Qxf2 25.Be3 Ba4 26.Qd2 Qxe2 27.Qxe2 Bb5 28.Qd2 fxe4 29.Bd4
Rac8 30.f5 Ne5 31.fxg6 hxg6 32.Qh6 Re7 33.Bxe5 Rxe5 34.Qxg6+ Kf8 35.Qxd6+ Re7
36.Re3 c3 37.bxc3 Bc4 38.Rxe4 {#r} 1-0

[Event "Ch Malaga"]
[Site "masterchessopen.com - Malaga (Spain)"]
[Date "1985.03.23"]
[Round "1"]
[White "Duran Leon Ramon"]
[Black "Corrales Ibanez Pedro Luis (ESP)"]
[Result "0-1"]
[WhiteElo "2125"]
[BlackElo "1895"]

1.d4 c5 2.d5 Nf6 3.c4 e6 4.Nc3 exd5 5.cxd5 d6 6.Nf3 g6 7.g3 Bg7 8.Bg2 O-O
9.O-O Re8 10.Nd2 a6 11.a4 Nbd7 12.Nc4 Nb6 13.Nxb6 Qxb6 14.Re1 Qc7 15.e4 Rb8
16.Bf4 Nd7 17.Qc1 Ne5 18.Bxe5 Bxe5 19.Qd2 b5 20.axb5 axb5 21.Bf1 Bd7 22.Ne2 b4
23.f4 Bg7 24.Bg2 c4 25.Rac1 Qc5+ 26.Kh1 Ra8 27.b3 c3 28.Qd1 Ra2 29.Rc2 Rea8
30.Nc1 Ra1 31.Bf1 Rb1 32.Qe2 Raa1 33.Kg2 f5 34.Nd3 Qd4 35.Rxb1 Rxb1 36.Qf2
Qxe4+ 37.Kg1 Bd4 {#R} 0-1

[Event "It (open)"]
[Site "masterchessopen.com - Leverkusen (Germany)"]
[Date "1985.06.17"]
[Round "6"]
[White "Kauch Markus (GER)"]
[Black "Weber Franz-Josef (GER)"]
[Result "1-0"]
[WhiteElo "2224"]
[BlackElo "2108"]

1.d4 Nf6 2.c4 c5 3.d5 d6 4.Nc3 g6 5.g3 e6 6.Bg2 exd5 7.cxd5 Bg7 8.Nf3 O-O
9.O-O a6 10.a4 Nbd7 11.Nd2 Re8 12.h3 Rb8 13.a5 b5 14.axb6 Nxb6 15.e4 Bd7
16.Re1 Bb5 17.Nb3 Nc4 18.f4 Nd7 19.Kh2 Qb6 20.Nd2 Na5 21.Nf3 Bc4 22.Qa4 Nb3
23.Qxd7 Nxa1 24.Qa4 Nb3 25.Qxc4 Nxc1 26.Rxc1 Qxb2 27.Nd1 Qa3 28.Nd2 h5 29.h4
Rb4 30.Qc2 Qa5 31.Nc4 Qc7 32.Qa2 f5 33.Qxa6 fxe4 34.Qxd6 Qf7 35.Qxc5 Bf8
36.Nd6 Bxd6 37.Qxd6 Rd4 38.Ne3 Re7 39.Rc8+ Kh7 40.f5 Rd7 41.Qe5 Qg7 42.fxg6+
{#r} 1-0

[Event "It"]
[Site "masterchessopen.com - Baku (Azerbaijan)"]
[Round "0"]
[White "Neverov Valeriy (UKR)"]
[Black "Magerramov Elmar (AZE)"]
[Result "0-1"]
[WhiteElo "2465"]
[BlackElo "2445"]

1.d4 Nf6 2.c4 e6 3.g3 c5 4.d5 exd5 5.cxd5 d6 6.Bg2 g6 7.Nc3 Bg7 8.Nf3 O-O
9.O-O a6 10.a4 Nbd7 11.Nd2 Re8 12.Nc4 Nb6 13.Na3 Bd7 14.Bd2 Rb8 15.Re1 h5
16.Rb1 Nxa4 17.Nxa4 b5 18.Bf4 bxa4 19.Bxd6 Rb3 20.Bxc5 Bf5 21.Ra1 Be4 22.Nc4
Bxg2 23.Kxg2 Rb5 24.Nd6 Rxc5 25.Nxe8 Nxe8 26.e4 Bxb2 27.Rxa4 a5 28.Qb3 Qd7
29.Ra2 Bg7 30.Qb6 Rb5 31.Qa6 Bd4 32.Rc1 Rxd5 33.Rd2 Rd6 34.Qxa5 h4 35.Qg5 h3+
36.Kg1 Nf6 37.Qh4 Kg7 38.Re2 Bc3 39.Rf1 Rd1 40.Qxh3 Qxh3 {#R} 0-1

[Event "It (open)"]
[Site "masterchessopen.com - Balatonbereny (Hungary)"]
[Round "11"]
[White "Petran Pal (HUN)"]
[Black "Perenyi Bela (HUN)"]
[Result "0-1"]
[WhiteElo "2384"]
[BlackElo "2255"]

1.d4 Nf6 2.c4 c5 3.d5 e6 4.Nc3 exd5 5.cxd5 d6 6.Nf3 g6 7.g3 Bg7 8.Bg2 O-O
9.O-O Re8 10.Nd2 a6 11.a4 Nbd7 12.Nc4 Ne5 13.Nxe5 Rxe5 14.Bf4 Re8 15.Qc2 Ng4
16.Rab1 Ne5 17.b4 c4 18.b5 Bf5 19.Be4 Bh3 20.Bg2 Bf5 21.Be4 Bg4 22.Qd2 Nd7
23.Bf3 Bxf3 24.exf3 Nc5 25.bxa6 Rxa6 26.Qc2 Nd3 27.Be3 Qf6 28.Nb5 Rc8 29.f4
Qf5 30.Na7 Ra8 31.Nb5 Rxa4 32.Nc7 R8a5 33.Rxb7 h5 34.Rb8+ Kh7 35.Bb6 Ra2
36.Qxc4 R5a4 37.Qc6 Nxf4 38.Qe8 Ra1 {#R} 0-1

[Event "It (cat.7)"]
[Site "masterchessopen.com - Budapest (Hungary)"]
[Round "5"]
[White "Gauglitz Gernot (GER)"]
[Black "Hever Miklos (HUN)"]
[Result "0-1"]
[WhiteElo "2406"]
[BlackElo "2302"]

1.d4 Nf6 2.Nf3 e6 3.c4 c5 4.d5 exd5 5.cxd5 d6 6.Nc3 g6 7.g3 Bg7 8.Bg2 O-O
9.O-O Re8 10.Nd2 a6 11.a4 Nbd7 12.Nc4 Ne5 13.Na3 Bd7 14.f4 Neg4 15.Nc4 Qc7
16.a5 Bb5 17.Nb6 Rad8 18.Nxb5 axb5 19.e4 c4 20.Kh1 Qc5 21.Qc2 Qd4 22.Bf3 Rxe4
23.Bxe4 Nxe4 24.Kg2 f5 25.Rf3 Nc5 26.h3 Nd3 27.Qe2 Nxc1 28.Rxc1 Qe4 29.Rc2
Ne3+ 30.Qxe3 Qxc2+ 31.Rf2 Qe4+ 32.Qxe4 fxe4 33.Rd2 Re8 34.Re2 Kf7 35.g4 c3
36.b4 Bd4 37.Rc2 h6 38.h4 Kf6 39.Kg3 h5 40.g5+ Kf5 41.Nd7 e3 42.Kf3 Re4 {#R}
0-1

[Event "It \"]
[Site "masterchessopen.com - Gausdal (Norway)"]
[Round "0"]
[White "Johansson Per (SWE)"]
[Black "Elseth Roar (NOR)"]
[Result "0-1"]
[WhiteElo "2031"]
[BlackElo "2349"]

1.d4 Nf6 2.Nf3 e6 3.c4 c5 4.d5 exd5 5.cxd5 d6 6.Nc3 g6 7.g3 Bg7 8.Bg2 O-O
9.O-O a6 10.a4 Re8 11.Nd2 Nbd7 12.Rb1 Rb8 13.b4 cxb4 14.Rxb4 Nc5 15.Nb3 Nxb3
16.Qxb3 Nd7 17.Ne4 Nc5 18.Nxc5 dxc5 19.Rc4 Rxe2 20.Rxc5 b6 21.Rc2 Rxc2 22.Qxc2
Bf5 23.Qb3 Be5 24.Be3 b5 25.axb5 axb5 26.Rd1 b4 27.Bd4 Bxd4 28.Rxd4 Qb6 29.Rf4
Qa5 30.h3 Qa1+ 31.Kh2 Qc3 32.Rf3 Qxb3 33.Rxb3 Bc2 34.Rb2 b3 35.Bf1 Rb4 36.Bg2
Rd4 37.Bf1 Kf8 38.Kg2 Ke7 39.Kf3 Kd6 40.Ke3 Kxd5 {#R} 0-1

[Event "It (open)"]
[Site "masterchessopen.com - Paris (France)"]
[Round "0"]
[White "Ilic Zoran (SRB)"]
[Black "Pech Jose"]
[Result "1-0"]
[WhiteElo "2349"]
[BlackElo "2060"]

1.d4 Nf6 2.Nf3 e6 3.c4 c5 4.d5 exd5 5.cxd5 d6 6.Nc3 g6 7.g3 Bg7 8.Bg2 O-O
9.O-O Re8 10.Nd2 a6 11.a4 Nbd7 12.Nc4 Nb6 13.Na3 Bd7 14.Qc2 Rb8 15.Rb1 Qc7
16.e4 Ng4 17.Bd2 Ne5 18.b3 Qc8 19.a5 Na8 20.Nc4 Qc7 21.Nd1 b5 22.axb6 Nxb6
23.Ba5 Nexc4 24.bxc4 Qa7 25.Ne3 Na4 26.h3 Bd4 27.Ng4 Kg7 28.Kh1 Rxb1 29.Rxb1
f5 30.exf5 gxf5 31.Nh2 Rb8 32.Re1 Bf6 33.Qd2 Rb2 34.Qf4 Qb8 35.Bd2 Kh8 36.Ng4
Bg7 37.Re7 fxg4 38.Rxd7 Be5 39.Qg5 Rb1+ 40.Kh2 Qg8 41.Rd8 {#r} 1-0

[Event "It (open)"]
[Site "masterchessopen.com - Somerset (USA)"]
[Round "0"]
[White "Shapiro Daniel E (USA)"]
[Black "Fedorowicz John P (USA)"]
[Result "0-1"]
[WhiteElo "2289"]
[BlackElo "2525"]

1.d4 Nf6 2.Nf3 e6 3.c4 c5 4.d5 exd5 5.cxd5 d6 6.Nc3 g6 7.g3 Bg7 8.Bg2 O-O
9.O-O Re8 10.Nd2 a6 11.a4 Nbd7 12.Ra2 Rb8 13.a5 b5 14.axb6 Nxb6 15.b3 h5
16.Nf3 Bb7 17.Bg5 Qd7 18.Ne1 Qf5 19.Bf4 Nfxd5 20.Nxd5 Nxd5 21.e4 Rxe4 22.Bxe4
Qxe4 23.f3 Bd4+ 24.Kh1 Qf5 25.Nc2 Nc3 26.Nxd4 cxd4 27.Qxd4 Nxa2 28.Qa7 Qc8
29.Bxd6 Ra8 30.Qd4 Qe6 31.Be5 Kh7 32.Rf2 Qxb3 33.Qf4 Rg8 34.g4 Qe6 35.gxh5 g5
36.Qe3 Nb4 37.Rd2 Qf5 {#R} 0-1

[Event "It (open)"]
[Site "masterchessopen.com - Warsaw (Poland)"]
[Round "0"]
[White "Cichocki Adam (POL)"]
[Black "Ostrowski Leszek (POL)"]
[Result "0-1"]
[WhiteElo "2304"]
[BlackElo "2335"]

1.d4 Nf6 2.c4 e6 3.Nc3 c5 4.d5 exd5 5.cxd5 d6 6.Nf3 g6 7.Nd2 Nbd7 8.g3 Bg7
9.Bg2 O-O 10.O-O Re8 11.a4 a6 12.Re1 Rb8 13.Qc2 b5 14.Rb1 Qc7 15.b3 b4 16.Nd1
Nb6 17.Ne3 Rxe3 18.fxe3 Nbxd5 19.Qd3 Nc3 20.Ra1 d5 21.Bb2 c4 22.Qc2 Qc5
23.Bxc3 bxc3 {#R} 0-1

[Event "Ch Europe (juniors)"]
[Site "masterchessopen.com - Arnhem (Netherlands)"]
[Round "11"]
[White "Manninen Marko (FIN)"]
[Black "Spycher Bernard"]
[Result "0-1"]
[WhiteElo "2377"]
[BlackElo "2245"]

1.d4 Nf6 2.c4 g6 3.Nf3 Bg7 4.g3 O-O 5.Bg2 c5 6.d5 d6 7.O-O e6 8.Nc3 exd5
9.cxd5 a6 10.a4 Nbd7 11.Nd2 Re8 12.Nc4 Ne5 13.Na3 Nh5 14.h3 f5 15.Kh2 Bd7
16.f4 b5 17.fxe5 Bxe5 18.Bf4 Bxf4 19.gxf4 b4 20.Nc4 bxc3 21.bxc3 Qf6 22.Qd3
Rab8 23.e3 Rb3 24.Rfc1 Qh4 25.Kg1 Reb8 26.Rcb1 Qf6 27.Nd2 Rxb1+ 28.Rxb1 Rxb1+
29.Qxb1 Qxc3 30.Qb8+ Kg7 31.Qxd6 Qxe3+ 32.Kh1 Bxa4 33.Nf3 Qc1+ 34.Kh2 Qxf4+
35.Qxf4 Nxf4 {#R} 0-1

[Event "It (juniors)"]
[Site "masterchessopen.com - Espoo (Finland)"]
[Round "0"]
[White "Manninen Marko (FIN)"]
[Black "Kokkila Tero (FIN)"]
[Result "0-1"]
[WhiteElo "2377"]
[BlackElo "2330"]

1.d4 Nf6 2.Nf3 c5 3.d5 e6 4.c4 exd5 5.cxd5 d6 6.Nc3 g6 7.g3 Bg7 8.Bg2 O-O
9.O-O Re8 10.Nd2 a6 11.a4 Nbd7 12.Nc4 Ne5 13.Na3 Nh5 14.Nc2 Rb8 15.f4 Nc4
16.Qd3 Na5 17.Qf3 f5 18.e4 fxe4 19.Nxe4 Bf5 20.Re1 Nf6 21.Nxf6+ Qxf6 22.Bd2
Qxb2 23.Bxa5 Qxc2 24.Rac1 Rxe1+ 25.Rxe1 b6 26.g4 Bd3 27.f5 Bd4+ {#R} 0-1

[Event "Memorial Dreszer"]
[Site "masterchessopen.com - Gdynia (Poland)"]
[Round "8"]
[White "Socha Czeslaw (POL)"]
[Black "Borkowski Franciszek (POL)"]
[Result "0-1"]
[WhiteElo "2235"]
[BlackElo "2450"]

1.d4 Nf6 2.c4 g6 3.Nf3 Bg7 4.g3 O-O 5.Bg2 c5 6.d5 d6 7.Nc3 e6 8.O-O exd5
9.cxd5 Re8 10.Nd2 a6 11.a4 Nbd7 12.h3 Rb8 13.Nc4 Ne5 14.Na3 Nh5 15.Kh2 Bd7
16.f4 b5 17.axb5 axb5 18.Ne4 Bf5 19.Nf2 b4 20.Nb1 Nc4 21.e4 Bd7 22.Nd3 f5
23.e5 dxe5 24.Nxc5 exf4 25.gxf4 Rc8 26.Nxd7 Qxd7 27.Qb3 Qd6 28.Ra7 Bd4 29.Ra8
Ne3 30.Bxe3 Bxe3 31.Rxc8 Bxf4+ 32.Kg1 Rxc8 33.Bf3 Bh2+ 34.Kh1 Ng3+ 35.Kxh2
Nxf1+ 36.Kg2 Qg3+ 37.Kxf1 Rc1+ 38.Ke2 Re1+ {#R} 0-1

[Event "Bundesliga"]
[Site "masterchessopen.com - Germany"]
[Round "0"]
[White "Kuligowski Adam (POL)"]
[Black "Levitt Jonathan (ENG)"]
[Result "0-1"]
[WhiteElo "2400"]
[BlackElo "2435"]

1.d4 Nf6 2.c4 e6 3.g3 c5 4.d5 exd5 5.cxd5 g6 6.Nc3 Bg7 7.Bg2 O-O 8.Nf3 d6
9.O-O Re8 10.Nd2 a6 11.a4 Nbd7 12.h3 Rb8 13.Nc4 Ne5 14.Na3 Nh5 15.e4 Bd7 16.f4
Nxg3 17.fxe5 Bxe5 18.Nc4 Bd4+ 19.Kh2 Nxf1+ 20.Qxf1 b5 21.Nxd6 Be5+ 22.Bf4 Qf6
23.Nxe8 Qxf4+ 24.Qxf4 Bxf4+ 25.Kh1 Bxe8 26.axb5 axb5 27.Bf1 Be5 28.Nd1 c4
29.Kg2 Rc8 30.Kf3 Kf8 31.Ke3 Bd7 32.Ra7 Ke8 33.Rb7 Ra8 34.Nc3 Ra5 35.Ne2 h5
{#R} 0-1

[Event "It"]
[Site "masterchessopen.com - Ruse (Bulgaria)"]
[Round "0"]
[White "Zakharov Alexander (RUS)"]
[Black "Lukov Valentin (BUL)"]
[Result "0-1"]
[WhiteElo "2380"]
[BlackElo "2445"]

1.d4 Nf6 2.c4 e6 3.Nf3 c5 4.d5 exd5 5.cxd5 d6 6.Nc3 g6 7.g3 Bg7 8.Bg2 O-O
9.O-O Re8 10.Nd2 a6 11.a4 Nbd7 12.h3 Rb8 13.Nc4 Nb6 14.Na3 Bd7 15.e4 Qc7
16.Bg5 h6 17.Bd2 Nxa4 18.Nxa4 b5 19.Qc1 bxa4 20.Re1 Kh7 21.Nc4 Bb5 22.Bf4 Bf8
23.e5 Bxc4 24.exf6 Rxe1+ 25.Qxe1 Qb7 26.Qe4 Qxb2 27.Rc1 Bb5 28.Rxc5 Re8
29.Rxb5 Qxb5 30.Qd4 a3 31.Bd2 a2 32.Kh2 Re2 33.Bc3 Qc5 {#R} 0-1